[Event "Santiago Entel Cup 2nd"]
[Site "Santiago de Chile"]
[Date "2005.03.16"]
[Round "3"]
[White "Ricardi, Pablo"]
[Black "Felgaer, Ruben Alejandro"]
[Result "1-0"]
[WhiteElo "2547"]
[BlackElo "2588"]
[Annotator "Finkel,A"]
[PlyCount "121"]
[EventDate "2005.03.15"]
[EventType "tourn"]
[EventRounds "13"]
[EventCountry "CHI"]
[EventCategory "9"]
[SourceTitle "CBM 106"]
[Source "ChessBase"]
[SourceDate "2005.06.06"]
[SourceVersion "1"]
[SourceVersionDate "2005.06.06"]
[SourceQuality "1"]

1. Nf3 d5 2. g3 Nc6 3. d4 Bf5 (3... Bg4) 4. c4 e6 5. Bg2 Bb4+ $6 {Black is
mixing up an ideas from the different openings!} (5... Nf6 6. O-O Be7 7. Nc3
Ne4 8. cxd5 exd5 9. Qb3 Nxc3 10. bxc3 Na5 11. Qa4+ c6 12. Nd2 O-O 13. Ba3 Re8
14. Bxe7 Rxe7 $11 {Acevedo,A-Keres,P/Mexico 1972}) (5... Nb4 6. Na3 Be7 (6...
Nf6 7. O-O c6 8. Bd2 Na6 9. Qb3 Rb8 10. Bf4 Nc7 11. Rac1 Bd6 $13 {Strikovic,
A-Gonzalez de la Torre,S/Elgoibar 2001}) 7. O-O c6 8. Bd2 Nf6 9. c5 Na6 10. b4
Nc7 11. Qb3 a6 $13 {Pigusov,E-Vera,R/Linares 1997}) 6. Bd2 (6. Nc3 Nf6 (6...
dxc4 7. O-O Bxc3 8. bxc3 Be4 9. Bh3 Bxf3 10. exf3 Nge7 11. Qa4 Qd5 12. Rb1 Nc8
$132 {Todorcevic,M-Efimov,I/Geneve 1991}) 7. O-O Bxc3 8. bxc3 Ne4 9. Bb2 Na5
10. cxd5 exd5 11. Nh4 Bd7 12. Qc2 Qe7 13. f3 Nd6 14. e4 g5 $13 {Vogel,
J-Weemaes,R/Sas van Gent 1988}) 6... Be7 7. O-O Nf6 8. Nc3 O-O 9. Nh4 Be4 $6 {
It seems that white has got a better chances anyway, but it was better to
retreat with the bishop to g4.} (9... Bg4 10. h3 Bh5 11. g4 Bg6 (11... Ne4 12.
cxd5 exd5 (12... Nxc3 13. bxc3 exd5 14. Nf5 Bg6 15. Qb3 $16 {[%csl Rb7,Rd5]})
13. Nxe4 dxe4 14. Nf5 Bg6 15. e3 $16) 12. Nxg6 hxg6 13. g5 Ne4 14. Nxe4 dxe4
15. e3 Bxg5 16. Bxe4 $14) 10. f3 Bg6 11. cxd5 Nxd5 (11... exd5 12. Nxg6 hxg6
13. e3 Re8 14. Rc1 $14) 12. Nxg6 hxg6 13. Nxd5 Qxd5 $6 (13... exd5 14. e3 Qd7
15. Rc1 $14 {[%cal Ga2a3,Gb2b4,Gd1b3,Gc1c3,Gf1c1]}) 14. e3 Rfd8 (14... e5 15.
dxe5 (15. f4 e4 16. g4 f5 $132) 15... Qxe5 16. Qb3 Rfd8 17. f4 Qc5 $14) 15. Bc3
a5 (15... Bb4 16. f4 Qa5 17. Bxb4 Qxb4 18. Qb3 $16 {[%csl Rb7,Rc6,Gg2]}) 16. a3
Qb5 17. f4 $1 $16 {[%cal Gg2b7] Black is deprived of any counterplay,
meanwhile white is starting a pawn storm on the kingside.} Bf6 18. Qf3 Rab8 19.
Rad1 Rd7 20. g4 $1 g5 (20... Rbd8 21. g5 Be7 22. h4 Qb3 23. Rc1 $16) 21. h4
gxf4 22. g5 Be7 23. Qxf4 Bd6 24. Qg4 Ne7 25. e4 c6 (25... e5 26. dxe5 Bc5+ 27.
Kh2 Rxd1 28. Rxd1 $16 {[%cal Ge5e6,Gh4h6]}) 26. h5 Rbd8 27. Kh1 Bc7 28. Bh3 Bb6
29. d5 $5 (29. Rxf7 $1 $18 Kxf7 30. Qxe6+ Kf8 31. h6 gxh6 32. Qxh6+ Ke8 33.
Qh8+ Kf7 34. Be6+ Kxe6 35. Qf6#) 29... Nxd5 (29... cxd5 30. Qf3 d4 (30... Nc6
31. exd5 {[%csl Rd7,Rf7]} exd5 32. g6 d4 33. Bxd7 Rxd7 34. gxf7+ Kf8 35. h6 $18
) 31. Qxf7+ Kh8 32. Bxe6 Qxg5 33. Bxd7 Qh4+ 34. Kg2 Qxe4+ 35. Kh3 $18) 30. exd5
Rxd5 31. Rxd5 Qxd5+ 32. Bg2 Qd3 33. Qf4 Rd7 34. Qe5 $6 (34. Qb8+ $1 Bd8 (34...
Kh7 35. Qe5 $18) 35. Qe5 Qh7 36. g6 Qh6 37. Bh3 $18) 34... Bd4 35. Bxd4 Qxd4
36. Qg3 Qd6 37. Qf3 Qd4 38. g6 Qh4+ 39. Qh3 Qc4 40. h6 gxh6 41. Qxh6 f5 42. Rf3
Rd1+ (42... Qe2) 43. Kh2 Rd7 44. Qe3 $1 (44. Rh3 Qd4) 44... Rg7 (44... Qh4+ 45.
Rh3 Qf6 46. Qf4 $18 {[%cal Gf4b8]}) 45. Rf4 Qa2 46. Rxf5 $1 Rxg6 47. Rf2 Qc4
48. Be4 Rg7 49. Rc2 Qf1 50. Bg2 Qf6 51. Rf2 Qh4+ 52. Kg1 Qg4 53. Kh2 Qh4+ 54.
Bh3 e5 55. Rf3 Qh5 56. Rf5 Qg6 57. Rxe5 Qd6 58. Qf4 Rg6 59. Re8+ Kg7 60. Qxd6
Rxd6 61. Re7+ 1-0

[Event "EU-ch 2nd"]
[Site "Ohrid"]
[Date "2001.06.01"]
[Round "1"]
[White "Ermenkov, Evgenij"]
[Black "Asrian, Karen"]
[Result "1/2-1/2"]
[WhiteElo "2478"]
[BlackElo "2582"]
[Annotator "Finkel,A"]
[PlyCount "117"]
[EventDate "2001.06.01"]
[EventType "swiss"]
[EventRounds "13"]
[EventCountry "YUG"]
[SourceTitle "CBM 084"]
[Source "ChessBase"]
[SourceDate "2001.09.13"]
[SourceVersion "1"]
[SourceVersionDate "2001.09.13"]
[SourceQuality "1"]

1. Nf3 d5 2. g3 c6 3. Bg2 Bg4 4. O-O Nd7 5. d4 Ngf6 6. Nbd2 e6 7. Re1 Be7 8. e4
dxe4 9. Nxe4 Nxe4 10. Rxe4 Bh5 (10... Nf6 11. Re1 O-O 12. c3 Qb6 13. Qb3 Bxf3
14. Bxf3 Rfd8 15. Bg5 Nd5 (15... h6 16. Bf4 Nd5 {1/2-1/2 Urban,J-Tseitlin,M/
Budapest 1993/EXT 97 (16)}) 16. h4 Bxg5 17. hxg5 $14 {Bezold,M-Kargoll,B/
Karlsruhe 1991/GER}) 11. c3 O-O 12. Qb3 Qb6 (12... Bg6 13. Re1 Qb6 14. h4 Qxb3
15. axb3 Rfe8 16. Nd2 Nb6 17. b4 a6 18. Nb3 Nd5 19. Nc5 Bxc5 20. bxc5 $14 {
Bezold,M-Stern,R/Germany 1994/GER-chT}) 13. Ne5 {It's clear that white can't
fight for the advantage with this move.} (13. Nd2 Bg6 (13... a5 14. Nc4 Qxb3
15. axb3 Bd1 16. Re1 Bxb3 17. Nxa5 Bd5 $11 {Dizdarevic,E-Chabanon,J/Cannes
1995/CBM 47}) 14. Re1 Qxb3 15. axb3 Nf6 16. Nc4 Rfd8 17. b4 Nd5 18. h4 a6 19.
Bf3 $14 {Drazic,S-Cosma,I/Star Dojran 1996/EXT 99}) (13. Re1 Bxf3 (13... Rfd8
14. Bf4 Nf6 15. Ne5 Nd5 16. Bc1 Rac8 17. Nc4 Qc7 18. Ne3 Nf6 19. a4 b6 20. Nc4
Nd5 21. Ne5 c5 22. dxc5 Bxc5 23. Nd3 Bd6 24. Bg5 Be7 {1/2-1/2 Giffard,N-Shipov,
S/Le Touquet 1996/EXT 99 (24)}) 14. Bxf3 Bd6 15. Be3 Qc7 16. Rad1 Rfe8 17. Qc2
Rad8 18. Bg2 Nf6 19. c4 Qa5 20. Bd2 Qh5 21. Bc3 $14 {Giorgadze,G-Burmakin,V/St
Petersburg 1996/CBM 52}) 13... Nxe5 14. Rxe5 Bg6 15. Re1 {Intending to develop
the bishop to f4.} Rfd8 (15... Bd6 $5 16. Be3 Rfd8 17. Bf3 Rd7 18. h4 h6 19.
Kg2 Rad8 $11) 16. Bf4 Rd7 17. h4 Rad8 18. Bf3 h6 19. Kg2 c5 20. Be3 (20. Qxb6
axb6 21. dxc5 bxc5 22. Rad1 Bd3 23. Rd2 g5 24. hxg5 hxg5 25. Be3 e5 $13) 20...
cxd4 21. Bxd4 (21. Qxb6 axb6 22. Bxd4 Bc5 23. Bxc5 bxc5) 21... Bc5 22. Qxb6
axb6 23. Bxc5 bxc5 24. b4 (24. Rad1 $5 Bd3 25. Re5 b6 26. b4 cxb4 27. cxb4 Rd4
28. a3 $11) 24... cxb4 25. cxb4 Rd4 26. Red1 e5 27. a4 Bd3 28. Bxb7 Rxb4 $1 (
28... Be4+ $2 29. Bxe4 Rxd1 30. Rxd1 Rxd1 31. a5 $1 (31. b5 $6 Rd4) 31... Ra1 (
31... Rd4 $2 32. a6 $1 $18 {[%cal Ga6a8]}) 32. Bb7 Kf8 33. a6 Ke7 34. b5 Kd6
35. b6 $18) 29. Bc6 Rd6 30. Bb5 Be4+ 31. Kf1 Rdd4 $1 32. Rxd4 exd4 33. Ra3 $6 (
33. Be2 d3 (33... Bc2 $2 34. a5 d3 35. Bf3 d2 36. a6 Bd3+ 37. Kg2 $18) 34. Bd1
Bb7 35. a5 Ba6 36. Ra2 {[%cal Gf1e1,Ge1d2]} Bc4 (36... d2+ 37. Kg2 Rd4 38. Kf3
Kf8 39. Ke3 Rd3+ 40. Kf4 Ke7 41. Rb2 $11) 37. Ra1 Ba6 $11) 33... Kf8 34. f3 Bc2
35. Ke1 Ke7 36. Kd2 Bb3 37. f4 Kd6 38. Be8 Bc4 39. a5 Rb2+ 40. Kc1 Rb8 $6 (
40... Re2 $1 41. Ba4 Kc5 42. Bd1 (42. Bc2 Re3 43. Ra4 Bb5 44. Ra2 Ba6 $17)
42... Re3 43. Ra1 Ba6 $17) 41. Ba4 Kc5 42. Bc2 Ra8 43. Kd2 Kb4 44. Ra4+ Kb5 45.
a6 $1 {Securing a draw. Black can't take on a6 because of R:c4 and he can't
make any progress} Ra7 (45... Rxa6 $4 46. Rxc4 Kxc4 47. Bd3+ $18) 46. Bd1 f6
47. Bc2 d3 {[%csl Rd3] Since the moment the pawn moves to d3 all bishops
endings are drawn.} 48. Bd1 Kc5 49. Bf3 Bb5 50. Ra1 Rxa6 51. Rxa6 Bxa6 52. Kc3
Kd6 53. Be4 Ke6 54. Kd2 $1 (54. Bxd3 $2 Bxd3 55. Kxd3 Kf5 56. Ke3 Kg4 57. Kf2
f5 58. Kg2 h5 $19) 54... Bb5 55. Kc3 Kd6 56. Bxd3 Bxd3 57. Kxd3 Kd5 58. h5 f5
59. Ke3 1/2-1/2

[Event "LTU-ch"]
[Site "Vilnius"]
[Date "2002.05.20"]
[Round "5"]
[White "Kveinys, Aloyzas"]
[Black "Sulskis, Sarunas"]
[Result "0-1"]
[WhiteElo "2559"]
[BlackElo "2577"]
[Annotator "Finkel,A"]
[PlyCount "88"]
[EventDate "2002.05.17"]
[EventType "tourn"]
[EventRounds "11"]
[EventCountry "LTU"]
[EventCategory "9"]
[SourceTitle "CBM 090"]
[Source "ChessBase"]
[SourceDate "2002.09.20"]
[SourceVersion "1"]
[SourceVersionDate "2002.09.20"]
[SourceQuality "1"]

1. Nf3 d5 2. g3 Bg4 3. Bg2 c6 4. O-O Nf6 5. d4 e6 6. Nbd2 Nbd7 7. Re1 Be7 8. e4
(8. Nf1 O-O 9. c3 h6 10. Ne3 Bh5 11. c4 $11 (11. Bh1 $6 Ne4 12. Nd2 f5 $132 {
Heyduk,J-Prandstetter,E/Prague 1988})) (8. c4 O-O 9. a3 (9. b3 Bb4 10. a3 Bc3
11. Ra2 Bxf3 12. Bxf3 Bxd4 $17 {Pupols,V-Orlov,G/Seattle Washingt-ch ,EXT 1995}
) 9... a5 10. b3 a4 11. b4 dxc4 12. Nxc4 Ne4 13. Nfe5 Nxe5 14. Nxe5 Bf5 15. f3
Nc3 16. Qd2 Nb5 17. e4 Bg6 18. Rd1 Qc7 19. Bb2 Rfd8 20. Qc2 $14 {Norwood,
D-Jones,L/WchJM-U20 Adelaide 1988}) (8. h3 Bh5 9. e4 dxe4 10. Nxe4 Nxe4 11.
Rxe4 O-O 12. c3 Bf6 (12... Qb6 13. Re2 Rad8 14. Qe1 Rfe8 15. Bf4 a5 16. Rd1 $14
{Abbasov,F-Eperjesi,L/FSIM May, Budapest HUN 1997}) 13. g4 Bg6 14. Re2 a5 15.
a4 Qc7 16. Bg5 Bxg5 17. Nxg5 Rad8 $11 {Ibar,M-Hase,J/Buenos Aires FMDA tt 1992}
) (8. c3 O-O 9. h3 (9. Qb3 Qb6 10. e4 Rfd8 (10... dxe4 11. Nxe4 Rfd8 12. Nxf6+
Bxf6 13. Bf4 Rac8 14. Ne5 Bxe5 15. Bxe5 Nxe5 16. Rxe5 $14 {Norwood,
D-Westerinen Heikki M J/Bayswater (ENG) 1988}) 11. exd5 cxd5 12. Ne5 Nxe5 13.
Rxe5 Qxb3 14. axb3 a5 $11) 9... Bh5 10. e4 b5 11. Qb3 Rb8 12. Ne5 Nxe5 13. dxe5
Nd7 14. f4 Bg6 $132 {Llanos,G-Soppe,G/Buenos Aires 1991}) 8... dxe4 9. Nxe4 O-O
10. c3 Nxe4 (10... e5 11. dxe5 Bxf3 12. Qxf3 Nxe5 13. Qf5 Ng6 14. Be3 $14 {
Gyorkos,L-Dussart,F/It, Bagneux FRA 1998}) 11. Rxe4 Bxf3 (11... Bh5 12. Re1 (
12. Qb3 Qb6 13. Ne5 Rfd8 14. h4 h6 15. Bh3 Nxe5 16. Rxe5 Rd5 17. Bf4 Rxe5 18.
Bxe5 Qxb3 19. axb3 a6 20. Bg2 $11 {Bagoly,J-Varga,P/Cseppko Kupa 1994}) 12...
c5 13. Be3 Rc8 14. Qd2 Nb6 15. dxc5 Bxc5 16. Bxc5 Rxc5 17. Qe3 Qc7 $6 $14 {
Slobodjan,R-Mueller,K/Lippstadt 1999}) (11... Bf5 12. Re1 Qb6 (12... a5 13. h3
h6 14. Qe2 Re8 15. Bf4 Qb6 16. Rad1 a4 17. Be3 Qc7 18. Nd2 Nb6 $11 {Speelman,
J-Kobalija,M/Batumi 1999}) 13. a4 a5 14. Nd2 Bd3 15. Nf1 Qa6 16. Bf4 Rfe8 17.
h4 $14 {Hug,W-Eisterer,H/Muerren 1987}) 12. Qxf3 (12. Bxf3 Qb6 13. Qb3 Nf6 14.
Re2 Rfe8 15. Qxb6 $11 {Braga,C-Pelikian,J/Americana 2000/EXT 2001}) 12... Bg5 {
This move doesn't promise black an easy life, because after exchange of the
bishops white has a clear attacking plan.} 13. Bxg5 Qxg5 14. Qe2 (14. Rae1 Rad8
15. Qe2 Qa5 16. a3 Qb6 17. Rh4 Nf6 18. Be4 h6 19. Bb1 Rd6 20. Rf4 $14 {Jean,
O-Andruet,G/Toulouse 1990}) 14... Rab8 15. f4 $5 Qd8 16. Rf1 g6 17. g4 Re8 18.
Re3 {Deserved attention} (18. g5 $5 {and white is better even though he may
forget about f5.} Kg7 (18... c5 $6 19. Rd1) 19. h4 h6 20. Qe3 Rh8 21. c4 $14) (
18. f5 exf5 19. gxf5 Rxe4 20. Qxe4 Qf8 $11) 18... Nf6 19. Rg3 $6 Qe7 20. Re1 c5
$1 {After this move black gets sufficiet counterplay against white pawn on d4.}
21. f5 $5 (21. d5 $6 Qd6 $1) (21. dxc5 Qxc5+ 22. Qe3 Qxe3+ 23. Rexe3 Red8 $11)
21... cxd4 22. fxg6 (22. fxe6 $6 dxc3 23. Rxc3 fxe6 (23... Qxe6 24. Qxe6 fxe6
25. Rc7 $44) 24. g5 Nd7 25. Rc7 Qd8 $1 $15) 22... hxg6 23. cxd4 Red8 24. Rf1
Nh7 25. Rgf3 $6 ({Much better was} 25. d5 $1 Qc5+ 26. Qe3 Qxe3+ 27. Rxe3 exd5
28. Re7 $14 {and white has more than sufficient compensation for the pawn.})
25... Rf8 26. Qf2 $6 (26. d5 $5) 26... Rbd8 27. h4 b6 28. g5 Rd7 29. Rf4 Rfd8
30. a3 Rc7 31. Kh1 Rdd7 32. Qe3 Qd6 33. d5 $6 exd5 34. Rd4 Rc4 $1 35. Rfd1 (35.
Rxd5 Rxh4+ 36. Kg1 Qh2+ 37. Kf2 Rxd5 $19) 35... Re7 36. Qf2 Rxd4 37. Rxd4 Re5
38. Qd2 Qe6 39. Rxd5 (39. Bxd5 $2 Re1+ 40. Kg2 Re2+ $19) 39... Re1+ 40. Kh2 Nf8
41. Qd4 (41. Qf4 Re2 42. Rd2 Rxd2 43. Qxd2 Qe5+ 44. Kg1 Ne6 $15) 41... Re2 42.
Rd8 $4 {Very painfull blunder in balanced position.} Qc6 43. Qd5 (43. Qg4 Rxg2+
44. Qxg2 Qc7+ $19) 43... Qxd5 44. Rxd5 Ne6 (44... Ne6 45. Rd1 (45. Kg1 Rxg2+
46. Kxg2 Nf4+ $19) 45... Nf4 46. Rg1 Rxb2 $19) 0-1

[Event "BIH-chT"]
[Site "Neum"]
[Date "2002.06.03"]
[Round "2.2"]
[White "Kobalia, Mihail"]
[Black "Savanovic, Aleksandar"]
[Result "1-0"]
[WhiteElo "2602"]
[BlackElo "2404"]
[Annotator "Finkel,A"]
[PlyCount "105"]
[EventDate "2002.06.02"]
[EventType "team"]
[EventRounds "9"]
[EventCountry "BIH"]
[SourceTitle "CBM 090"]
[Source "ChessBase"]
[SourceDate "2002.09.20"]
[SourceVersion "1"]
[SourceVersionDate "2002.09.20"]
[SourceQuality "1"]
[WhiteTeam "Kiseljak"]
[BlackTeam "Banja Luka"]
[WhiteTeamCountry "BIH"]
[BlackTeamCountry "BIH"]

1. Nf3 d5 2. d4 Nf6 3. Bf4 e6 4. e3 Be7 5. Bd3 c5 6. dxc5 {White may hardly
get an opening advantage after this move} (6. c3 c4 (6... a6 7. Ne5 Nbd7 8. Nd2
Qb6 9. Rb1 Qd8 $6 10. g4 Nxe5 11. dxe5 Nd7 12. Nf3 c4 13. Bc2 $14 {Vospernik,
M-Babnik,R/Ljubljana 1993}) (6... O-O 7. O-O (7. h3 Nc6 8. O-O b6 9. Nbd2 Bb7
10. Rc1 Rc8 11. Qe2 Nd7 12. Ne5 Ndxe5 13. dxe5 Qd7 14. Nf3 Rfe8 $13 {Kure,
A-Karosene/URS 1968}) 7... b6 8. Ne5 Bb7 9. Nd2 Ne4 10. Qc2 f6 11. Nef3 f5 12.
h3 Nc6 13. Ne5 Nxd2 14. Qxd2 Bd6 15. Nxc6 Bxc6 16. Bxd6 Qxd6 17. f4 $14 {
Russell,M-Upton,T/SCO 1993}) 7. Bc2 b5 8. O-O Qa5 9. Nbd2 b4 10. cxb4 Bxb4 11.
e4 Ba6 12. e5 Nfd7 13. a3 Be7 14. Re1 $14 {Braso,J-Bustelo,T/URU 1988}) 6...
Nc6 (6... Qa5+ 7. Nc3 Qxc5 8. Nb5 Na6 9. O-O Bd7 10. Nbd4 Nb4 11. Be2 O-O $13 {
Hoehmann,U-Pfaff,V/Bad Zwesten 2000}) 7. a3 Bxc5 8. Nbd2 O-O 9. O-O h6 10. b4
Bd6 {This move is definitly ok, but i like even more the other retreat of the
bishop.} (10... Bb6 $5 11. c4 Re8 12. c5 Bc7 13. Bxc7 Qxc7 14. e4 e5 $11) 11.
Bxd6 Qxd6 12. c4 e5 13. cxd5 Qxd5 14. Bc4 Qd6 15. Nb3 Qxd1 (15... Qc7 16. b5 (
16. Rc1 $5 Rd8 17. Qe2 Bg4 18. h3 e4 19. hxg4 Nxg4 {[%csl Gh2]} 20. Nbd2 exf3
21. Nxf3 $14) 16... Rd8 17. Qe2 e4 18. bxc6 exf3 19. Qxf3 Qxc6 20. Qxc6 bxc6
21. Rac1 $14 {[%csl Rc6]}) 16. Rfxd1 Bg4 17. h3 Bxf3 18. gxf3 Rfd8 (18... Rac8
$5 19. Rac1 Ne7 20. Nc5 b6 21. Ne4 Nxe4 22. fxe4 Rfd8 23. Rxd8+ Rxd8 24. Ba6
$14) 19. Bb5 $1 Rac8 $6 {Inaccuracy permitting white to put some pressure.} (
19... Ne7) 20. Nc5 b6 (20... Rxd1+ 21. Rxd1 b6 22. Nd7 Nxd7 23. Rxd7 a5 24. Rd6
$16) 21. Bxc6 $1 Rxd1+ (21... bxc5 22. b5 $14) 22. Rxd1 Rxc6 23. Rd8+ Kh7 24.
Nd7 $1 Nxd7 $6 {Another inaccuracy after which black is in serious troubles.
It was necessary to play} (24... Rc3 25. Nxe5 Rxa3 26. Nxf7 a5 27. b5 Rb3 28.
Nd6 a4 29. Ra8 a3 30. Ra6 $14) 25. Rxd7 a6 $6 (25... a5 26. Rxf7 axb4 27. axb4
Rc4 28. Re7 Rxb4 29. Rxe5 $14) 26. Rxf7 Rc3 27. Rb7 Rxa3 28. Rxb6 Ra4 (28... a5
29. bxa5 Rxa5 30. Kg2 $16) 29. Re6 Kg8 30. Rxe5 Rxb4 31. Ra5 Rb6 32. f4 Rg6+
33. Kh2 Kf7 34. f5 Rb6 35. e4 Ke7 36. Kg3 Kd7 37. Kf4 Kc7 (37... Ke7 38. h4)
38. h4 Rc6 39. Re5 Kd7 40. f3 Rc7 41. Ra5 Ra7 42. f6 $1 {White finishes the
game with some style.} gxf6 43. Kf5 Ke7 44. Kg6 Ra8 45. Kg7 $1 h5 46. f4 Ra7
47. f5 Ra8 48. e5 fxe5 49. Rxe5+ Kd6 50. Re2 Rb8 51. f6 Rb1 52. Rf2 Rg1+ 53.
Kh7 1-0

[Event "Abu Dhabi op 13th"]
[Site "Abu Dhabi"]
[Date "2003.08.24"]
[Round "8"]
[White "Bagheri, Amir"]
[Black "Kengis, Edvins"]
[Result "1-0"]
[WhiteElo "2500"]
[BlackElo "2586"]
[Annotator "Finkel,A"]
[PlyCount "89"]
[EventDate "2003.08.16"]
[EventType "swiss"]
[EventRounds "9"]
[EventCountry "UAE"]
[SourceTitle "CBM 097"]
[Source "ChessBase"]
[SourceDate "2003.11.11"]
[SourceVersion "1"]
[SourceVersionDate "2003.11.11"]
[SourceQuality "1"]

1. d4 Nf6 2. Nf3 d5 3. Bf4 c5 4. c3 Nc6 5. dxc5 e6 6. b4 (6. Nbd2 Bxc5 7. e3
O-O 8. Bd3 Re8 (8... h6 9. O-O Nh5 10. Nb3 Bb6 11. Re1 Nxf4 12. exf4 Qf6 13. g3
Rd8 14. h4 $14 {Bagheri,A-Kacheishvili,G/Golden Sands 2000}) 9. Bg3 e5 10. e4
d4 11. Nb3 dxc3 12. bxc3 Bb6 13. O-O Nh5 14. Bh4 Qd6 $11 {Soos,B-Wells,P/
Koszeg 2000}) 6... Ne4 {Starting very interesting complications with unclear
consequences.} (6... a5 7. Nd4 (7. b5 Nb8 8. Qd4 Ne4 9. Nbd2 Bxc5 10. Qxg7
Bxf2+ 11. Kd1 Rf8 12. e3 Nd7 13. Bd3 Ndf6 $132 {Siklosi,Z-Mikac,M/AUT 1994})
7... axb4 (7... Be7 8. e3 O-O 9. Nd2 axb4 10. Nxc6 bxc6 11. cxb4 Nd7 12. a4 f5
$44 {Balogh,B-Lengyel,B/Budapest 1993}) (7... Nxd4 8. Qxd4 Be7 9. e3 O-O 10.
Be5 $2 axb4 11. cxb4 Nd7 12. f4 Nxe5 13. fxe5 f6 $17 {Pedersen,B-Hansen,L/
Aarhus 1994}) 8. Nxc6 bxc6 9. cxb4 Ne4 10. e3 Qh4 11. g3 Qf6 12. Qd4 Be7 13. f3
Ng5 $132 {Abel,L-Horvath,I/HUN 1992}) 7. Nd4 $5 Qf6 8. Be3 (8. e3 e5 9. Nb5 Qd8
$5 (9... exf4 10. Nc7+ Kd8 11. Nxd5 (11. Nxa8 Nxc3 12. Qb3 fxe3 13. fxe3 Ne4
14. Qxd5+ Nd6 15. cxd6 Qxa1 $17) 11... Qh4 12. Nf6+ Nd6 (12... Kc7 13. Nxe4
fxe3 14. Qf3 f5 15. Nd6 Qxf2+ 16. Qxf2 exf2+ 17. Kxf2 Bxd6 18. cxd6+ Kxd6 $13)
13. Nd5 Ne4 $11) 10. Bg3 a6 11. N5a3 h5 12. f3 Nxg3 13. hxg3 Be6 $36) 8... Be7
9. f3 $5 {Accepting the challenge.} Qh4+ $1 10. g3 Nxg3 11. Bf2 {[%cal Gf2h4]}
Nxf1 12. Bxh4 Ne3 13. Qa4 (13. Qb3 Bxh4+ 14. Kd2 Nc4+ 15. Kc2) 13... Bxh4+ 14.
Kd2 Nc4+ 15. Kc2 Bd7 16. Nxc6 bxc6 $8 ({Of course not} 16... Bxc6 17. b5 Bd7
18. Nd2 {[%cal Ga4h4]} Ne3+ 19. Kc1 Bf6 20. c6 bxc6 21. bxc6 Bc8 22. Rb1 $16 {
with serious advantage.}) 17. Nd2 Ne3+ 18. Kb2 Bf6 19. Nb3 $2 {Permitting
black to get very dangerous initiative.} (19. Qa6 $1 $16 {[%csl Rc6]}) 19... a5
$1 $44 20. bxa5 O-O 21. Rhg1 Nc4+ (21... e5 22. Rac1 Ra6 $44) 22. Kc2 Rfb8 {
Black isn't satisfied with a draw after 22...Ne3+} (22... Ne3+ $11) 23. e4 Rb5
24. Rab1 g6 25. Kd3 e5 (25... Ra6) 26. a6 Kg7 27. Nd2 $6 (27. Ke2 $1) 27... Ra5
28. Qd1 $2 (28. Qb4) 28... dxe4+ $6 {Missing a very beautifull mating idea.} (
28... Rxa2 $1 {[%csl Rd3]} 29. Nxc4 dxc4+ 30. Ke3 Be7 $3 $19 {[%cal Ge7c5]} 31.
f4 Bxc5+ 32. Kf3 Rf2+ 33. Kg3 exf4+ 34. Kh4 Be7+ 35. Rg5 Rxh2#) 29. fxe4 $13
Nxd2 30. Qxd2 Be6 31. Ke3 Be7 (31... R8xa6) 32. Rg2 R8xa6 33. Rb2 Bxc5+ 34. Kf3
Ra3 $17 35. Rc2 R6a4 36. h4 f5 37. Qd8 Rxe4 38. Rgd2 Re3+ (38... Ra7 $5 $17)
39. Kg2 f4 40. Qc7+ Kh6 (40... Kf6) 41. Qxc6 Rg3+ (41... Bh3+) 42. Kh1 Rh3+ 43.
Rh2 Rd3 $2 (43... Raxc3 44. Rxc3 Rxc3 45. Qxe6 Rc1+ 46. Kg2 Rc2+ 47. Kf3 (47.
Kh3 $2 Rc3+ 48. Kg2 f3+ 49. Kg3 f2+ 50. Kg2 Rc1 $19) 47... Rxh2 48. Qxe5 Be3
49. Qg5+ Kg7 50. a4 $14) 44. Qxc5 Bd5+ 45. Kg1 1-0